01102cam a2200265 i 45000010008000000030004000080050017000120080041000290100017000700200015000870400018001020500021001200820016001411000026001572450093001832500140002762600042004163000036004585000129004945040039006236500044006626500038007067000019007447400073007631776373OSt20150222143702.0770516s1978 enka b 001 0 eng  a 77023559  a0582442508 aDLCcDLCdDLC00aQD261b.V63 197800a547 VOG2191 aVogel, Arthur Israel.10aVogel's Textbook of practical organic chemistry, including qualitative organic analysis. a4th ed. /brev. by the following members of the School of Chemistry, Thames (formerly Woolwich) Polytechnic, B. S. Furniss ...[et al.]. aLondon ;aNew York :bLongman,c1978. axxxv, 1368 p. :bill. ;c24 cm. aThird ed. published in 1956 under title: A text-book of practical organic chemistry, including qualitative organic analysis. aIncludes bibliographies and index. 0aChemistry, OrganicxLaboratory manuals. 0aChemistry, AnalyticxQualitative.1 aFurniss, B. S.0 aPractical organic chemistry, including qualitative organic analysis.